000 00370nam a2200133Ia 4500
008 231017s9999 xx 000 0 und d
082 _a388.110993
082 _bGOR
245 0 _aEngineering Lifelines and Transport-Should New Zealand be Doing it Better? Part One: Phase 1 &2
245 0 _cM. Gordon Ans
260 _bM. Gordon Ans
300 _c30cm
942 _cREP
999 _c604304
_d604304